01215nam a22002177a 450000500170000000800410001702000150005804000070007304100120008008200250009210000290011724500750014626000350022130000290025636500300028552005720031565000390088765000280092670000200095470000230097420220326101709.0220326b ||||| |||| 00| 0 eng d a0140257616 cAL aEnglish 223a304.280954bGADE aMadhav Gadgil and others aEcology And Equity: The Use And Abuse of Nature in Contemporary India  aNew DelhibPenguin Booksc1995 axi,213 p.bPBc23x15 cm. b₹150.00c₹d₹150.00 aEcology and Equity explores a society that is, in ecological terms, the most complex in the world. India's people range from technocrats to hunter-gatherers and its environments from dense forest to wasteland. This book provides the first analytically sophisticated and empirically grounded study of environmental reform in the Third World. Radical both in its interpretation of the crisis in India and in its proposals for ecological reform, Ecology and Equity is essential reading for all concerned with the Third World development and/or the environmental debate.  aEnvironmental degradation -- India aSocial ecology -- India aGADGIL (Madhav) aGUHA (Ramachandra)